000 00543nam a2200157 4500
008 161014b xxu||||| |||| 00| 0 eng d
022 _a0893-8989
082 _aDPer 363.205 P75 Aug 2014- Apr 2015 V. 38-39
100 _916195
_aGriffith, David
245 _aThe dual-purpose tactical kit/
_cDavid Griffith.
260 _aCalifornia:
_bBobit Business Media,
_cc2014-2015.
300 _aV39 n3, page 12;
_c28 cm.
500 _aPolice: The Law Enforcement Magazine.
650 0 _916197
_aTactical kit
_xLaw enforcement
942 _2ddc
_cPER
999 _c5217
_d5217